000 00836nam a22002297a 4500
005 20100818143551.0
010 _aENG-100878
020 _a8190084852
_c150.00
035 _aEN-84411
037 _bDBAD/PUB
082 _a309.15403
100 _aKarpagam, R.
_914801
245 _aThe social history of cumbum /
_cby R. Karpagam
260 _aChennai
_bPrabhu Publishers
_c2008
270 _aD 57, Syndicate Residency, No.36, Dr. THomas Road, T. Nagar
_bChennai
_e600017
300 _aviii,82p.
_c22cm (pbk)
500 _aincludes bibliographical references
650 _aSocial History
_914802
650 _aCivilization
_914803
942 _2ddc
_cEN
_h309.15403
_mKAR
999 _c42436
_d42436